000 00572cam a2200181 4500500
005 20260329003951.0
041 _afre
042 _adc
100 1 0 _aVarela, Francisco
_eauthor
245 0 0 _aEssai sur le fou de champignons. Une histoire en soi
260 _c2017.
500 _a85
690 _aAccélération
690 _aChampignon
690 _aPeter Handke
786 0 _nPhilosophie magazine | 114 | 11 | 2017-11-01 | p. 50-50 | 1951-1787
856 4 1 _uhttps://shs.cairn.info/magazine-philosophie-magazine-2017-11-page-50?lang=fr&redirect-ssocas=7080
999 _c1829347
_d1829347